[Event "1st CHN-w Masters"]
[Site "Jiangsu Wuxi CHN"]
[Date "2011.04.16"]
[Round "1"]
[White "Huang Qian"]
[Black "Tan Zhongyi"]
[Result "1/2-1/2"]
[WhiteElo "2394"]
[BlackElo "2428"]
[EventDate "2011.04.16"]

1. d4 Nf6 2. c4 g6 3. Nc3 d5 4. Nf3 Bg7 5. Bf4 O-O 6. Rc1 dxc4 7. e4 Nh5 8.
Be3 Bg4 9. Bxc4 Bxf3 10. gxf3 e5 11. dxe5 Bxe5 12. Qxd8 Rxd8 13. O-O Nd7
14. Ne2 Bxb2 15. Rb1 Ne5 16. Rxb2 Nxc4 17. Rxb7 Nxe3 18. fxe3 Rd2 19. Nc3
c6 20. Rc7 Rc2 21. Rxc6 Rd8 22. Rf2 Rc1+ 23. Kg2 Kg7 24. Rc7 Rd3 25. Nd5
Rxc7 26. Nxc7 Rxe3 27. Nd5 Rd3 28. Rc2 Nf6 29. Nxf6 Kxf6 30. Rc6+ Ke5 31.
Rc7 Rd2+ 32. Kg3 Rxa2 33. Rxf7 h5 34. Re7+ Kf6 35. Rc7 a5 36. Rc6+ Kf7 37.
Ra6 a4 38. f4 a3 39. e5 Ra1 40. Kh4 a2 41. Kh3 Rf1 42. Rxa2 Rxf4 43. Ra7+
Ke6 44. Ra6+ Kxe5 45. Rxg6 Rf6 46. Rxf6 Kxf6 1/2-1/2

[Event "1st CHN-w Masters"]
[Site "Jiangsu Wuxi CHN"]
[Date "2011.04.16"]
[Round "1"]
[White "Ju Wenjun"]
[Black "Ding Yixin"]
[Result "1-0"]
[WhiteElo "2519"]
[BlackElo "2376"]
[EventDate "2011.04.16"]

1. d4 Nf6 2. c4 e6 3. Nf3 d5 4. g3 Bb4+ 5. Bd2 Be7 6. Bg2 O-O 7. O-O c6 8.
Qc2 Nbd7 9. Rd1 b6 10. Bf4 Bb7 11. Nc3 Nh5 12. Bc1 f5 13. Ne5 Nxe5 14. dxe5
Qc7 15. Bf3 g6 16. Bxh5 gxh5 17. Bf4 Rad8 18. cxd5 cxd5 19. Rd4 Kf7 20. e3
Bc5 21. Qd1 Kg6 22. Nb5 Qg7 23. Rd2 a6 24. Nd4 Bxd4 25. exd4 Rc8 26. h3 Rc6
27. Kh2 Rfc8 28. Qf3 Rc1 29. Rd1 R1c2 30. Rg1 Rxb2 31. Be3 a5 32. g4 fxg4
33. hxg4 h4 34. g5 a4 35. Qf6+ Qxf6 36. gxf6+ Kf5 37. Rg7 Ba6 38. f7 Rf8
39. Bh6 Rxf2+ 40. Kg1 Rf3 41. Re1 h3 42. Rg5+ Kf4 43. Rg8+ Kf5 44. Bxf8 1-0

[Event "1st CHN-w Masters"]
[Site "Jiangsu Wuxi CHN"]
[Date "2011.04.16"]
[Round "1"]
[White "Wang Yu A"]
[Black "Gu Xiaobing"]
[Result "1-0"]
[WhiteElo "2398"]
[BlackElo "2369"]
[EventDate "2011.04.16"]

1. e4 c5 2. Nf3 d6 3. d4 cxd4 4. Nxd4 Nf6 5. Nc3 a6 6. Be2 e5 7. Nb3 Be7 8.
g4 Be6 9. g5 Nfd7 10. Bg4 Nb6 11. Bxe6 fxe6 12. Qh5+ g6 13. Qg4 Qd7 14. Be3
Nc4 15. O-O-O b6 16. h4 Nc6 17. Kb1 b5 18. h5 Kf7 19. Bc1 Qc8 20. Rh3 b4
21. Ne2 a5 22. Rdh1 Rg8 23. hxg6+ hxg6 24. Nd2 Nxd2+ 25. Bxd2 Ke8 26. Rh7
Kd7 27. f4 Kc7 28. fxe5 dxe5 29. Nc1 Qd7 30. Nd3 b3 31. axb3 a4 32. bxa4
Rxa4 33. Bc3 Rga8 34. b3 Rd4 35. Nc5 Qd6 36. Nxe6+ Kb6 37. Nxd4 exd4 38.
Bb2 Qc5 39. Qe6 Rd8 40. Rxe7 Qxe7 41. Qxe7 Nxe7 42. Rh8 Rd6 43. Ba3 Re6 44.
Re8 Rxe4 45. Rxe7 1-0

[Event "1st CHN-w Masters"]
[Site "Jiangsu Wuxi CHN"]
[Date "2011.04.17"]
[Round "2"]
[White "Zhao Xue"]
[Black "Huang Qian"]
[Result "1/2-1/2"]
[WhiteElo "2495"]
[BlackElo "2394"]
[EventDate "2011.04.16"]

1. d4 Nf6 2. c4 g6 3. f3 Bg7 4. e4 d6 5. Be3 O-O 6. Nc3 c6 7. Qd2 a6 8. a4
e5 9. d5 a5 10. dxc6 Nxc6 11. Nb5 Be6 12. b3 Nd7 13. Bd3 Nc5 14. Bc2 Nb4
15. Ne2 Qe7 16. Nec3 b6 17. O-O-O Rad8 18. g4 Rd7 19. h4 f5 20. Bg5 Qf7 21.
gxf5 gxf5 22. h5 f4 23. Kb1 Bf6 24. Qg2 Qg7 25. Rhg1 Bxg5 26. Qxg5 Qxg5 27.
Rxg5+ Kf7 28. Rdg1 Kf6 29. h6 Rff7 30. Rg8 Ke7 31. Rh8 Rd8 32. Rxd8 Kxd8
33. Nxd6 Rf6 34. Rh1 Rg6 35. Bd1 Rg2 36. Ndb5 Ke7 37. Nc7 Rg5 38. Rh2 Kd6
39. N7d5 Bxd5 40. exd5 Ke7 41. Re2 Kd6 42. Bc2 Rg1+ 43. Bd1 Nxb3 44. Ne4+
Ke7 45. Nf2 Kd6 46. Ne4+ Ke7 47. Nf2 Kd6 48. Ne4+ Kd7 49. Kb2 Nc5 50. Nxc5+
bxc5 51. Bc2 Nxc2 52. Kxc2 Kd6 53. Kd3 Rd1+ 54. Rd2 Re1 55. Re2 Rd1+ 56.
Rd2 Re1 57. Re2 Rd1+ 58. Rd2 Re1 59. Re2 1/2-1/2

[Event "1st CHN-w Masters"]
[Site "Jiangsu Wuxi CHN"]
[Date "2011.04.17"]
[Round "2"]
[White "Zhang Xiaowen"]
[Black "Gu Xiaobing"]
[Result "0-1"]
[WhiteElo "2344"]
[BlackElo "2369"]
[EventDate "2011.04.16"]

1. e4 c5 2. Nf3 d6 3. d4 cxd4 4. Nxd4 Nf6 5. Nc3 a6 6. a4 e5 7. Nf3 Qc7 8.
Bg5 Nbd7 9. Nd2 h6 10. Bh4 g5 11. Bg3 Nc5 12. Bc4 Be6 13. Qe2 Rg8 14. a5
Rc8 15. b3 Be7 16. h3 Qc6 17. O-O Bxc4 18. Qxc4 h5 19. f3 Qd7 20. Nd5 Ne6
21. Nxf6+ Bxf6 22. Qd3 Nf4 23. Bxf4 exf4 24. Rae1 Rc3 25. Qd5 Rc5 26. Qd3
Rc3 27. Qd5 Qc6 28. Qxc6+ bxc6 29. e5 Bxe5 30. Nc4 Kf8 31. Nxe5 dxe5 32.
Rxe5 Rxc2 33. Rd1 Rg6 34. Rd7 g4 35. fxg4 hxg4 36. Rf5 gxh3 37. Rdxf7+ Ke8
38. Rf8+ Ke7 39. R5f7+ Ke6 40. g4 fxg3 0-1

[Event "1st CHN-w Masters"]
[Site "Jiangsu Wuxi CHN"]
[Date "2011.04.17"]
[Round "2"]
[White "Ding Yixin"]
[Black "Wang Yu A"]
[Result "1/2-1/2"]
[WhiteElo "2376"]
[BlackElo "2398"]
[EventDate "2011.04.16"]

1. e4 e5 2. Nf3 Nc6 3. Bb5 a6 4. Ba4 Nf6 5. O-O Be7 6. Bxc6 dxc6 7. d3 Nd7
8. Nbd2 O-O 9. Nc4 f6 10. Nh4 Nc5 11. Be3 Be6 12. b3 Qd7 13. f4 exf4 14.
Rxf4 g5 15. Nf5 gxf4 16. Qg4+ Kf7 17. Qh5+ Kg8 18. Qg4+ Kf7 19. Qh5+ Kg8
1/2-1/2

[Event "1st CHN-w Masters"]
[Site "Jiangsu Wuxi CHN"]
[Date "2011.04.18"]
[Round "3"]
[White "Ju Wenjun"]
[Black "Zhao Xue"]
[Result "1-0"]
[WhiteElo "2519"]
[BlackElo "2495"]
[EventDate "2011.04.16"]

1. d4 Nf6 2. c4 e6 3. Nc3 Bb4 4. e3 O-O 5. Bd3 c5 6. Nf3 cxd4 7. exd4 b6 8.
O-O Bb7 9. Na4 Be7 10. Bf4 Na6 11. d5 exd5 12. cxd5 d6 13. Nc3 Nc7 14. Bc4
b5 15. Nxb5 Nxb5 16. Bxb5 Nxd5 17. Bg3 Bf6 18. Rb1 Rc8 19. Re1 Qb6 20. Bd3
Nb4 21. a3 Nxd3 22. Qxd3 Rfd8 23. Bh4 Ba6 24. Qd2 Bxh4 25. Nxh4 Qb5 26. Re7
Rd7 27. a4 Qb7 28. Re3 g6 29. Rbe1 Qb8 30. Nf5 Rf8 31. Ne7+ Kg7 32. Rh3 h5
33. Nf5+ Kg8 34. Qd4 f6 35. Ne7+ Kh7 36. Qe4 Rxe7 37. Qxe7+ Kh6 38. Rf3 f5
39. Rg3 1-0

[Event "1st CHN-w Masters"]
[Site "Jiangsu Wuxi CHN"]
[Date "2011.04.18"]
[Round "3"]
[White "Wang Yu A"]
[Black "Tan Zhongyi"]
[Result "1/2-1/2"]
[WhiteElo "2398"]
[BlackElo "2428"]
[EventDate "2011.04.16"]

1. e4 e5 2. Nf3 Nf6 3. Nxe5 d6 4. Nf3 Nxe4 5. d4 d5 6. Bd3 Nc6 7. O-O Be7
8. c4 Nb4 9. Be2 O-O 10. Nc3 Bf5 11. a3 Nxc3 12. bxc3 Nc6 13. Re1 Re8 14.
Bf4 dxc4 15. Bxc4 Bd6 16. Rxe8+ Qxe8 17. Bxd6 cxd6 18. Ng5 Bg6 19. h4 Qe7
20. Qg4 h6 21. Nh3 Qe4 22. Nf4 Ne5 23. dxe5 Qxc4 24. e6 Re8 25. Re1 Rxe6
26. Rxe6 fxe6 27. Qxg6 Qxf4 28. Qxe6+ Kh7 29. Qe7 Qc1+ 30. Kh2 Qxc3 31.
Qxd6 b5 32. h5 a5 33. Qg6+ Kh8 34. Qe8+ Kh7 35. Qe4+ Kh8 36. Qa8+ Kh7
1/2-1/2

[Event "1st CHN-w Masters"]
[Site "Jiangsu Wuxi CHN"]
[Date "2011.04.19"]
[Round "4"]
[White "Zhang Xiaowen"]
[Black "Ding Yixin"]
[Result "1/2-1/2"]
[WhiteElo "2344"]
[BlackElo "2376"]
[EventDate "2011.04.16"]

1. e4 c5 2. Nf3 d6 3. c3 Nf6 4. Be2 g6 5. O-O Bg7 6. Bb5+ Bd7 7. Bxd7+ Qxd7
8. Re1 Nc6 9. d4 cxd4 10. cxd4 d5 11. e5 Ne4 12. Nc3 Nxc3 13. bxc3 O-O 14.
Ng5 Nd8 15. Qd3 Rc8 16. Bd2 Rc6 17. Rab1 Qg4 18. Rb5 e6 19. Rb2 b6 20. h3
Qh5 21. f4 Nb7 22. Qf1 Na5 23. Rb4 Nc4 24. Bc1 f6 25. exf6 Rxf6 26. Qf2 Bf8
27. Rb3 Qh6 28. Qf3 Qg7 29. Qg4 Qe7 30. Rb5 Qd7 31. Qh4 h6 32. Nf3 Bg7 33.
Rb1 Rf8 34. Ne5 Nxe5 35. fxe5 g5 36. Qg3 Rf5 37. Bd2 Rc8 38. h4 gxh4 39.
Qxh4 h5 40. Re3 Qd8 41. Qh3 Bh6 42. Rg3+ Kh7 43. Bxh6 Kxh6 44. Rf1 Rxf1+
45. Kxf1 Qe7 46. Rf3 Rf8 47. Rxf8 Qxf8+ 48. Ke1 Qf7 49. g4 Kg5 50. gxh5
Qxh5 51. Qxe6 Qh1+ 52. Kd2 Qg2+ 53. Kc1 Qf1+ 54. Kc2 Qe2+ 55. Kb3 Qb5+
1/2-1/2

[Event "1st CHN-w Masters"]
[Site "Jiangsu Wuxi CHN"]
[Date "2011.04.20"]
[Round "5"]
[White "Huang Qian"]
[Black "Zhang Xiaowen"]
[Result "1/2-1/2"]
[WhiteElo "2394"]
[BlackElo "2344"]
[EventDate "2011.04.16"]

1. Nf3 Nf6 2. c4 g6 3. b3 Bg7 4. Bb2 d6 5. d4 O-O 6. g3 Nbd7 7. Bg2 e5 8.
dxe5 dxe5 9. Nc3 Qe7 10. e4 c6 11. O-O Rd8 12. Qc2 Nf8 13. Na4 Ne8 14. h3
f6 15. Rad1 Be6 16. Qc1 b5 17. Ba3 b4 18. Bb2 Bf7 19. Qc2 Bh6 20. Nh2 Ne6
21. h4 Rxd1 22. Rxd1 Rd8 23. Ng4 Bg7 24. h5 g5 25. h6 Bf8 26. Ne3 Rd7 27.
Nf5 Qd8 28. Rxd7 Qxd7 29. Bc1 Bh5 30. Be3 a6 31. c5 Qd1+ 32. Qxd1 Bxd1 33.
Bf1 Bc2 34. Bc4 Kf7 35. f3 g4 36. Kf2 gxf3 37. Kxf3 Bd1+ 38. Kf2 Bc2 39.
Kf3 Bd1+ 40. Kf2 Bc2 1/2-1/2

[Event "1st CHN-w Masters"]
[Site "Jiangsu Wuxi CHN"]
[Date "2011.04.20"]
[Round "5"]
[White "Ju Wenjun"]
[Black "Shen Yang"]
[Result "0-1"]
[WhiteElo "2519"]
[BlackElo "2443"]
[EventDate "2011.04.16"]

1. d4 d5 2. c4 c6 3. Nc3 dxc4 4. e4 e5 5. Nf3 exd4 6. Qxd4 Qxd4 7. Nxd4 b5
8. a4 b4 9. Nd1 Nf6 10. f3 Ba6 11. Be3 Nfd7 12. Rc1 c5 13. Nb5 Bxb5 14.
axb5 Nb6 15. Bf4 N8d7 16. Ne3 g6 17. Nxc4 Bg7 18. b3 O-O 19. Kf2 f5 20. e5
Rfe8 21. Nxb6 axb6 22. Bc4+ Kf8 23. e6 Bd4+ 24. Kg3 Ne5 25. Bxe5 Bxe5+ 26.
f4 Bd4 27. Rc2 Ke7 28. Kf3 Red8 29. Rd1 Ra3 30. h3 h5 31. g4 hxg4+ 32. hxg4
Rh8 33. gxf5 gxf5 34. Rg2 Rh3+ 35. Rg3 Rxg3+ 36. Kxg3 Ra1 37. Rd2 Rc1 38.
Ra2 Kf6 39. Ra8 Rc3+ 40. Kg2 Rxc4 41. bxc4 b3 42. Rh8 b2 43. Rh1 Be3 44.
Re1 Ke7 45. Rb1 Bc1 46. Kg3 Kxe6 47. Kh4 Bxf4 48. Rxb2 Ke5 49. Ra2 Kd4 50.
Ra4 Kc3 51. Kh3 Kb3 52. Ra6 Kxc4 53. Ra4+ Kxb5 54. Rxf4 c4 55. Kg2 c3 56.
Rf1 Kc4 57. Kf3 c2 58. Ke2 Kc3 59. Ke3 b5 60. Ke2 b4 0-1

[Event "1st CHN-w Masters"]
[Site "Jiangsu Wuxi CHN"]
[Date "2011.04.20"]
[Round "5"]
[White "Gu Xiaobing"]
[Black "Zhao Xue"]
[Result "1-0"]
[WhiteElo "2369"]
[BlackElo "2495"]
[EventDate "2011.04.16"]

1. e4 e5 2. Nf3 Nc6 3. Bb5 Nf6 4. d3 Bc5 5. c3 O-O 6. Bxc6 bxc6 7. Nxe5 d5
8. O-O dxe4 9. d4 Bd6 10. Bg5 Qe8 11. Bxf6 gxf6 12. Nc4 Qe6 13. Nbd2 f5 14.
Re1 Ba6 15. b3 Rae8 16. Re3 Bf4 17. Rh3 h6 18. Qh5 Kg7 19. Re1 Qg6 20. Qd1
Kh7 21. g3 Rg8 22. Kh1 Bc8 23. Rh5 c5 24. Nf1 cxd4 25. cxd4 Rd8 26. Nfe3
Bg5 27. Rg1 Qf6 28. d5 f4 29. Ng4 Bxg4 30. Qxg4 fxg3 31. hxg3 Qg6 32. Ne5
f5 33. Nxg6 fxg4 34. Nf4 Rd7 35. Rc1 Rgg7 36. Rc6 Rd6 37. Rc4 Re7 38. Kg2
a6 39. Rc5 Rf6 40. Rh1 Bxf4 41. gxf4 Rxf4 42. Rc6 Rf5 43. Rcxh6+ Kg7 44.
Rh7+ Kf8 45. Rh8+ Kf7 46. R1h7+ Kf6 47. Rf8+ Kg6 48. Rxe7 Rxf8 49. Rxc7 Rd8
50. Rc6+ Kf5 51. d6 a5 52. Kg3 a4 53. bxa4 Rd7 54. a5 Ra7 55. a6 Rd7 56.
Rb6 Ra7 57. a3 Rd7 58. Rb5+ Ke6 59. Ra5 Ra7 60. Kxg4 Kxd6 61. Kf4 Kc6 62.
Kxe4 Kb6 63. Rd5 Kxa6 64. f4 Kb6 65. Ke5 Rxa3 66. f5 Kc6 67. Rd1 Re3+ 68.
Kf6 Rf3 69. Ke6 Re3+ 70. Kf7 Rf3 71. f6 Rf2 72. Ke7 Re2+ 73. Kf8 Rf2 74. f7
Rg2 75. Rd4 Kc5 76. Rf4 1-0

[Event "1st CHN-w Masters"]
[Site "Jiangsu Wuxi CHN"]
[Date "2011.04.20"]
[Round "5"]
[White "Ding Yixin"]
[Black "Tan Zhongyi"]
[Result "1/2-1/2"]
[WhiteElo "2376"]
[BlackElo "2428"]
[EventDate "2011.04.16"]

1. e4 d6 2. d4 Nf6 3. Nc3 g6 4. Nf3 Bg7 5. Be2 O-O 6. O-O c6 7. h3 Nbd7 8.
Be3 Qc7 9. a4 b6 10. Qd2 Bb7 11. Bh6 e5 12. Bxg7 Kxg7 13. dxe5 dxe5 14.
Rad1 Nc5 15. Qe3 a5 16. Bc4 h6 17. Nd2 Rad8 18. f4 exf4 19. Rxf4 Nh5 20.
Rf3 Qe5 21. g4 Nf6 22. Rdf1 Nd5 23. exd5 Qxe3+ 24. Rxe3 cxd5 25. Bxd5 Bxd5
26. Nxd5 Rxd5 27. Nc4 Nxa4 28. b3 Rc5 29. Ne5 Rc3 30. Rxc3 Nxc3 31. Nd7 Rc8
32. Nxb6 Ne2+ 33. Kh2 Rxc2 34. Rf2 g5 35. Nc4 a4 36. bxa4 Rxc4 37. Rxe2
Rxa4 38. Rb2 Kg6 39. Rb6+ f6 40. Kg3 Ra3+ 41. Kg2 Re3 42. Ra6 Kf7 43. Ra7+
Re7 44. Ra6 Re6 45. Ra7+ Kg6 46. Ra5 h5 47. Kf3 Rb6 48. Ra2 Rb3+ 49. Kg2
Rb4 50. Kg3 h4+ 51. Kg2 Kf7 52. Ra6 Rb2+ 53. Kg1 Rd2 54. Ra5 Ke6 55. Rf5
Rd5 56. Rf3 Rd4 57. Rf5 Rd5 58. Rf3 f5 59. gxf5+ Rxf5 60. Ra3 Rd5 61. Kg2
Kf5 62. Kf3 Rd2 63. Ra5+ Kg6 64. Ra6+ Kh5 65. Ra3 Rh2 66. Ke4 Rf2 67. Rb3
Kg6 68. Rb6+ Kh5 69. Rb3 Rg2 70. Ra3 Rg1 71. Rb3 Rf1 72. Ra3 Kg6 73. Ra6+
Rf6 74. Rxf6+ Kxf6 75. Kf3 1/2-1/2

[Event "1st CHN-w Masters"]
[Site "Jiangsu Wuxi CHN"]
[Date "2011.04.22"]
[Round "6"]
[White "Zhang Xiaowen"]
[Black "Tan Zhongyi"]
[Result "1/2-1/2"]
[WhiteElo "2344"]
[BlackElo "2428"]
[EventDate "2011.04.16"]

1. e4 e5 2. Nf3 Nf6 3. Nxe5 d6 4. Nf3 Nxe4 5. d4 d5 6. Bd3 Nc6 7. O-O Be7
8. Nc3 Bf5 9. Re1 Nxc3 10. bxc3 Bxd3 11. Qxd3 O-O 12. Rb1 Na5 13. Bf4 c6
14. c4 dxc4 15. Qe4 Bf6 16. Bd2 c3 17. Bxc3 Nc4 18. a4 Rb8 19. Ne5 Bxe5 20.
dxe5 Nd2 21. Bxd2 Qxd2 22. Red1 Qc3 23. Rd7 Rfd8 24. e6 fxe6 25. Qxe6+ Kh8
26. g3 Rxd7 27. Qxd7 h6 28. Rxb7 Rxb7 29. Qxb7 Qa1+ 30. Kg2 Qxa4 31. Qc8+
Kh7 32. Qf5+ Kh8 33. Qf8+ Kh7 1/2-1/2

[Event "1st CHN-w Masters"]
[Site "Jiangsu Wuxi CHN"]
[Date "2011.04.22"]
[Round "6"]
[White "Zhao Xue"]
[Black "Ding Yixin"]
[Result "1/2-1/2"]
[WhiteElo "2495"]
[BlackElo "2376"]
[EventDate "2011.04.16"]

1. Nf3 Nf6 2. g3 d5 3. Bg2 e6 4. O-O Be7 5. c4 O-O 6. d4 dxc4 7. Qc2 a6 8.
a4 Bd7 9. Qxc4 Bc6 10. Bg5 Bd5 11. Qd3 c5 12. Nc3 cxd4 13. Nxd5 Qxd5 14.
Qxd4 Nc6 15. Qxd5 Nxd5 16. Rfd1 Rfd8 17. Rac1 f6 18. Bd2 Rd7 19. Be1 Rad8
20. Rd3 Nb6 21. Rxd7 Rxd7 22. b3 Ba3 23. Rb1 Bb4 24. Ne5 Nxe5 25. Bxb4 Nd5
26. Be1 Rc7 27. Rd1 Rc2 28. Kf1 Rb2 29. b4 Nxb4 30. Bxb7 a5 31. Bc3 Rb3 32.
Bxe5 fxe5 33. Bc8 Kf7 34. Rd7+ Kf6 35. Ra7 Nc6 36. Ra6 Rc3 37. Bb7 Nd8 38.
Be4 Rc4 39. Bxh7 Rxa4 40. h4 g6 41. Bg8 Ra1+ 42. Kg2 a4 43. Ra7 Rb1 44. g4
Rb4 45. Kf3 e4+ 46. Kf4 e3+ 47. Kxe3 Rxg4 48. Rd7 Nc6 49. Rd6 Nb4 50. Bxe6
Rxh4 51. Rb6 Ke7 52. f4 Nc2+ 53. Ke4 Ne1 54. Ke5 Rh5+ 55. f5 gxf5 56. Rb7+
Kf8 57. Bxf5 Rh6 58. Be6 Nc2 59. Rf7+ Kg8 60. e4 Kh8 61. Rf8+ Kh7 62. Ra8
Ne1 63. Bf5+ Kg7 64. Ra7+ Kf8 65. Rxa4 Nd3+ 66. Kd5 Nf4+ 67. Kd4 Ne2+ 68.
Ke5 Ng3 69. Be6 Nxe4 70. Rxe4 Ke7 71. Bf5 Ra6 72. Rd4 Ra5+ 73. Kf4 Kf6 74.
Rd6+ Ke7 75. Rb6 Rc5 76. Bd3 Kd7 77. Ke4 Kc7 78. Rh6 Kd7 79. Kd4 Rg5 80.
Bc4 Rg4+ 81. Kc5 Rg5+ 82. Bd5 Ke7 83. Rh7+ Kf6 84. Kd6 Rg7 85. Rh1 Rg5 86.
Be6 Ra5 87. Rf1+ Kg5 88. Bd5 Kg4 89. Ke5 Ra3 90. Rf8 Ra5 91. Rg8+ Kh4 92.
Ke4 Kh5 93. Kd4 Kh6 94. Rg1 Rb5 95. Ke5 Ra5 96. Ke6 Rb5 97. Bf3 Ra5 98. Kf6
Ra6+ 99. Kf5 Ra5+ 100. Kf4 Kh7 101. Be4+ Kh8 102. Bf5 Rb5 103. Rg6 Rb8 104.
Ke5 Re8+ 105. Kf6 Rf8+ 106. Ke6 Kh7 107. Ke5 Kh8 108. Rh6+ Kg8 109. Bd3 Rd8
110. Rh3 Rb8 111. Bf5 Kg7 112. Rg3+ Kf8 113. Kf6 Rb2 114. Rh3 Rg2 115. Rh8+
Rg8 116. Rh7 Rg1 117. Be6 Rf1+ 118. Ke5 Re1+ 119. Kf6 Rf1+ 120. Bf5 Rg1
121. Rf7+ Ke8 1/2-1/2

[Event "1st CHN-w Masters"]
[Site "Jiangsu Wuxi CHN"]
[Date "2011.04.23"]
[Round "7"]
[White "Tan Zhongyi"]
[Black "Zhao Xue"]
[Result "0-1"]
[WhiteElo "2428"]
[BlackElo "2495"]
[EventDate "2011.04.16"]

1. d4 Nf6 2. Nf3 e6 3. g3 b5 4. Bg2 Bb7 5. O-O c5 6. c3 Na6 7. Bg5 Be7 8.
Nbd2 O-O 9. Re1 cxd4 10. Nxd4 Bxg2 11. Kxg2 b4 12. c4 Qb6 13. N2f3 Rfc8 14.
b3 Nc5 15. e4 h6 16. Bxf6 Bxf6 17. e5 Be7 18. Qe2 Rd8 19. Rad1 d5 20. cxd5
Rxd5 21. Nf5 Bf8 22. Rxd5 exd5 23. N3d4 Re8 24. Qb5 Qxb5 25. Nxb5 Ne4 26.
f4 Rc8 27. Re2 Rc5 28. Nxa7 Nc3 29. Rd2 Rc7 30. Nb5 Nxb5 31. Rxd5 Rc2+ 32.
Kh3 Nc7 33. Rd8 Ne6 34. Ra8 Kh7 35. Ne3 Re2 36. Nc4 h5 37. f5 g5 38. g4
Nf4+ 39. Kg3 Rg2+ 40. Kf3 hxg4+ 41. Ke4 Bc5 42. f6 Rxh2 43. Rc8 g3 44. Rc7
Kg6 45. e6 Re2+ 46. Kf3 g2 0-1

[Event "1st CHN-w Masters"]
[Site "Jiangsu Wuxi CHN"]
[Date "2011.04.23"]
[Round "7"]
[White "Ju Wenjun"]
[Black "Zhang Xiaowen"]
[Result "1-0"]
[WhiteElo "2519"]
[BlackElo "2344"]
[EventDate "2011.04.16"]

1. d4 Nf6 2. c4 g6 3. g3 Bg7 4. Bg2 O-O 5. Nc3 d6 6. Nf3 Nbd7 7. O-O e5 8.
e4 a6 9. Re1 exd4 10. Nxd4 Ne5 11. b3 c5 12. Nc2 Rb8 13. a4 Be6 14. Rb1 Re8
15. Bb2 h5 16. h3 Nc6 17. f4 Qb6 18. Nd5 Bxd5 19. cxd5 c4+ 20. Kh2 cxb3 21.
Bxf6 Bxf6 22. dxc6 Bc3 23. c7 Rbc8 24. Ne3 Bxe1 25. Nd5 Qa5 26. Qxe1 Qxd5
27. exd5 Rxe1 28. Rxe1 Rxc7 29. Rb1 Rc3 30. h4 Kf8 31. Kh3 Ke7 32. Bf1 b5
33. axb5 a5 34. b6 Kd7 35. Bb5+ Kc8 36. Bc6 Re3 37. Ra1 b2 38. Rxa5 1-0

[Event "1st CHN-w Masters"]
[Site "Jiangsu Wuxi CHN"]
[Date "2011.04.23"]
[Round "7"]
[White "Gu Xiaobing"]
[Black "Shen Yang"]
[Result "1/2-1/2"]
[WhiteElo "2369"]
[BlackElo "2443"]
[EventDate "2011.04.16"]

1. c4 e6 2. Nc3 d5 3. cxd5 exd5 4. d4 c6 5. Qc2 Bd6 6. Nf3 Ne7 7. e3 Bf5 8.
Bd3 Bxd3 9. Qxd3 Nd7 10. O-O O-O 11. e4 dxe4 12. Nxe4 Bc7 13. Bg5 f6 14.
Bh4 Kh8 15. Rfe1 Nf5 16. Rad1 Bb6 17. Bg3 Nxg3 18. Nxg3 Re8 19. Rxe8+ Qxe8
20. Nf5 Qf7 21. b3 Nf8 22. g3 Rd8 23. Re1 Re8 24. Re4 Rxe4 25. Qxe4 Bc7 26.
Nd2 Qe6 27. Ne3 Kg8 28. d5 cxd5 29. Nxd5 Bd6 30. Qc4 a6 31. a4 Kh8 32. Ne4
h6 33. Nb6 Ba3 34. a5 f5 35. Nc3 f4 36. Kg2 Qf5 37. Qd5 Qxd5+ 38. Ncxd5
fxg3 39. hxg3 Ne6 40. b4 Bb2 41. Nc4 Bd4 42. Nd6 Nd8 43. f4 g6 44. Kf3 Kg7
45. Ke4 Bf2 46. g4 Be1 47. f5 gxf5+ 48. Kxf5 Bd2 49. Ne4 Be1 50. Nc5 Kf7
51. Nd3 Bg3 52. Ne5+ Kg7 53. Nd3 Kf7 54. Nc3 Nc6 55. Nd5 Bd6 56. Ke4 Kg6
57. Kf3 Kg5 58. b5 Nd4+ 59. Ke4 Nxb5 60. Ne3 Nc7 61. Ne5 Bb4 62. Nf7+ Kf6
63. Nd8 Bxa5 64. Nxb7 Bb4 65. Nf5 Bd2 66. Nc5 Kg6 67. Nd4 Bb4 68. Nd3 Bf8
69. Nc6 Bd6 70. Nb2 Kg5 71. Nc4 Bh2 72. Kf3 Nd5 73. Nd4 Bg1 74. Ne6+ Kh4
75. Ne5 a5 76. Ke4 a4 77. Nf3+ Kxg4 78. Nxg1 a3 79. Nd4 a2 80. Nb3 Nf4 81.
Nf3 h5 82. Ke3 Kg3 83. Na1 Nd3 84. Ke2 Nf4+ 85. Ke3 Nd3 86. Ke2 Nf4+ 87.
Ke3 1/2-1/2

[Event "1st CHN-w Masters"]
[Site "Jiangsu Wuxi CHN"]
[Date "2011.04.24"]
[Round "8"]
[White "Shen Yang"]
[Black "Ding Yixin"]
[Result "1-0"]
[WhiteElo "2443"]
[BlackElo "2376"]
[PlyCount "131"]
[EventDate "2011.04.16"]
[EventType "tourn"]
[EventRounds "9"]
[EventCountry "CHN"]
[EventCategory "8"]
[Source "Mark Crowther"]
[SourceDate "2011.04.25"]

1. d4 Nf6 2. c4 e6 3. Nc3 d5 4. Bg5 Be7 5. e3 h6 6. Bh4 O-O 7. Rc1 b6 8. cxd5
exd5 9. Bd3 Bb7 10. Nge2 Nbd7 11. O-O a6 12. Qc2 c5 13. Bf5 c4 14. a4 Bc6 15.
b3 b5 16. bxc4 bxc4 17. f3 Re8 18. Be1 Bf8 19. Bd2 g6 20. Bh3 Bg7 21. Qa2 Ra7
22. g3 Rb7 23. Bg2 Qe7 24. Rb1 Reb8 25. Rxb7 Rxb7 26. e4 dxe4 27. Qxc4 exf3 28.
Qxc6 fxg2 29. Qxb7 gxf1=Q+ 30. Kxf1 Qe6 31. Kg2 g5 32. d5 Qb6 33. Qc8+ Kh7 34.
Be1 a5 35. Bf2 Qb4 36. Bd4 Qe7 37. Qa6 Ng4 38. d6 Qe6 39. Qxa5 Kg6 40. Qa6 Ne3+
41. Kg1 f5 42. Qd3 Ng4 43. Bxg7 Kxg7 44. a5 Kh7 45. Qd4 Nde5 46. Kg2 Nc6 47.
Qc5 Ne3+ 48. Kg1 Nb8 49. Nd4 Qf7 50. Qc7 Nd7 51. a6 f4 52. Qc6 Ng4 53. Qe4+ Kh8
54. a7 Nb6 55. a8=Q+ Nxa8 56. Qxa8+ Kg7 57. Qe4 Nf6 58. Qe5 Kg8 59. gxf4 Nd7
60. Qe4 gxf4 61. Nd5 Nc5 62. Ne7+ Kf8 63. Qa8+ Kg7 64. Qc8 Qc4 65. Nef5+ Kf6
66. Qh8+ 1-0

[Event "1st CHN-w Masters"]
[Site "Jiangsu Wuxi CHN"]
[Date "2011.04.24"]
[Round "8"]
[White "Huang Qian"]
[Black "Gu Xiaobing"]
[Result "1-0"]
[WhiteElo "2394"]
[BlackElo "2369"]
[PlyCount "87"]
[EventDate "2011.04.16"]
[EventType "tourn"]
[EventRounds "9"]
[EventCountry "CHN"]
[EventCategory "8"]
[Source "Mark Crowther"]
[SourceDate "2011.04.25"]

1. Nf3 Nf6 2. c4 g6 3. b3 Bg7 4. Bb2 O-O 5. g3 d6 6. d4 Nbd7 7. Bg2 e5 8. O-O
e4 9. Ne1 d5 10. Nc3 c6 11. f3 exf3 12. Nxf3 Qe7 13. Qd3 Re8 14. Rae1 Bh6 15.
cxd5 cxd5 16. Ne5 Qd6 17. Nxd5 Bg7 18. Nc4 Qb8 19. Nxf6+ Nxf6 20. e4 b5 21. Na5
Be6 22. b4 Qb6 23. Kh1 Bxa2 24. Qa3 Be6 25. d5 Bd7 26. Qf3 Bg4 27. Qf4 Nh5 28.
Qxf7+ Kh8 29. Bxg7+ Nxg7 30. Nc6 Bh5 31. Qf4 Ne6 32. dxe6 Qxc6 33. g4 Qc4 34.
gxh5 Rxe6 35. Qf7 Rae8 36. h6 R6e7 37. Qxe7 Rxe7 38. Rf8+ Qg8 39. Rxg8+ Kxg8
40. e5 g5 41. e6 a6 42. Bc6 Kf8 43. Bd7 Kg8 44. Rc1 1-0

[Event "1st CHN-w Masters"]
[Site "Jiangsu Wuxi CHN"]
[Date "2011.04.24"]
[Round "8"]
[White "Ju Wenjun"]
[Black "Wang Yu A"]
[Result "1-0"]
[WhiteElo "2519"]
[BlackElo "2398"]
[PlyCount "100"]
[EventDate "2011.04.16"]
[EventType "tourn"]
[EventRounds "9"]
[EventCountry "CHN"]
[EventCategory "8"]
[Source "Mark Crowther"]
[SourceDate "2011.04.25"]

1. d4 Nf6 2. c4 c5 3. d5 e6 4. Nc3 exd5 5. cxd5 d6 6. e4 g6 7. f4 Bg7 8. Bb5+
Nfd7 9. a4 O-O 10. Nf3 Na6 11. O-O Nb4 12. Kh1 a6 13. Bxd7 Bxd7 14. f5 gxf5 15.
Bg5 f6 16. Bf4 Re8 17. Nd2 b5 18. Bxd6 fxe4 19. Bxc5 Nd3 20. Ndxe4 Nxb2 21. Qb3
f5 22. Nd6 Nd3 23. Bg1 bxa4 24. Qc2 Nb4 25. Qb2 Nd3 26. Qd2 Qc7 27. Nxe8 Qxc3
28. Qxc3 Bxc3 29. Ra3 Bb2 30. Rxd3 Rxe8 31. Bd4 Bxd4 32. Rxd4 Kf7 33. g4 Kf6
34. gxf5 Re5 35. Rb4 Bb5 36. Rd1 a3 37. d6 a2 38. Rbd4 Bd7 39. R4d2 Kxf5 40.
Rxa2 a5 41. Kg2 a4 42. Kf2 Ke6 43. Rad2 h5 44. Rd3 Re4 45. Kg3 Rg4+ 46. Kf2 Re4
47. Rg3 h4 48. Rg7 Rf4+ 49. Kg1 Rf7 50. Re1+ Kd5 1-0

[Event "1st CHN-w Masters"]
[Site "Jiangsu Wuxi CHN"]
[Date "2011.04.25"]
[Round "9"]
[White "Wang Yu A"]
[Black "Zhang Xiaowen"]
[Result "1/2-1/2"]
[WhiteElo "2398"]
[BlackElo "2344"]
[PlyCount "70"]
[EventDate "2011.04.16"]
[EventType "tourn"]
[EventRounds "9"]
[EventCountry "CHN"]
[EventCategory "8"]
[Source "Mark Crowther"]
[SourceDate "2011.04.25"]

1. e4 e6 2. d4 d5 3. Nd2 c5 4. exd5 Qxd5 5. Ngf3 cxd4 6. Bc4 Qd6 7. O-O Nf6 8.
Nb3 Nc6 9. Nbxd4 Nxd4 10. Qxd4 Qxd4 11. Nxd4 Bd7 12. Bf4 Bc5 13. Rad1 a6 14. c3
O-O 15. Rfe1 Rfd8 16. h3 Ba4 17. Bb3 Bxb3 18. Nxb3 Bb6 19. Kf1 Rac8 20. Be5 Kf8
21. Rxd8+ Rxd8 22. Bd4 Bxd4 23. Nxd4 Nd5 24. g3 Ne7 25. Ke2 Rd6 26. Rd1 Ke8 27.
Rd3 Nc6 28. Nxc6 Rxc6 29. h4 h5 30. Ke3 Ke7 31. Rd4 Rc5 32. Rb4 Rc7 33. Rd4 Rc5
34. Rb4 Rc7 35. Rd4 Rc5 1/2-1/2